04549nam a22004578i 4500001001900000003000700019005001700026006001900043007001500062008004100077010001700118020002700135020003700162024003100199035002200230040002600252041000800278050001000286072001600296072002500312082001800337245018100355300002200536490005200558490004500610504005100655505164300706520101602349546001203365650004103377650002303418650004403441700002703485776025603512830005303768830004603821856004403867942001603911999001703927952014703944BRILL9789004527928nllekb20260415153942.0m d cr un uuuua230131s2023 gw sb 001 0 eng d a 2022040952 a9789004525481q(print) a9789004527928q(electronic book)7 a10.1163/97890045279282DOI a(OCoLC)1356007214 aNL-LeKBcNL-LeKBerda aeng 4aHN980 7aHBG2bicssc 7aHISx0370002bisacsh04a306.0917222310aGlobal Power and Local Struggles in Developing Countries :bContemporary Perspectives On: Europe and the People without History, by Eric R. Wolf at 40 /cedited by Paul Stacey. a1 online resource1 aSocial Sciences E-Books Online, Collection 20231 aStudies in Global Social History ;v47/2 aIncludes bibliographical references and index.0 tPreliminary Material /rEditor: Paul Stacey -- Copyright Page /rEditor: Paul Stacey -- Preface and Acknowledgements /rEditor: Paul Stacey -- Notes on Contributors /rEditor: Paul Stacey -- Chapter 1 Global Power and Local Struggles in Developing Countries: An Introduction /rPaul Stacey -- Chapter 2 Commodifying the Countermovement: How Foreign Funding Turns Haitian Social Movements into Commodities /rJoshua Steckley , Nixon Boumba , and Marylynn Steckley -- Chapter 3 A Brief History of Workers on the Move: Power in Puerto Rican Farm Labour Migration /rIsmael García Colón -- Chapter 4 Masking the Past, Legitimizing the Present: State-Making and Precariatization in the Agro-Industrial Landscape, Colombia /rInge-Merete Hougaard -- Chapter 5 A Political Ecology of Fetishism in Brazil's 'Discovery Coast' Crisis, Socio-environmental Hybridization, and Historical Amnesia on the Frontiers of Global Liberalism /rGustavo S. Azenha -- Chapter 6 Europe and the People without Class: The Example of Ghana /rIoannis Kyriakakis -- Chapter 7 Impossible Histories, Power, and Exclusion in the Gold Coast and Ghana 1930-2020 /rPaul Stacey -- Chapter 8 Persistent Connections and Exclusions in Mozambique: From Colonial Anxieties to Contemporary Discourses about the Environment /rRaquel Rodrigues Machaqueiro -- Chapter 9 Chinese Indonesian Identity at Work: Political Exclusion and Division of Labour in Indonesia /rTirza van Bruggen -- Chapter 10 Global Competition and Local Advantages: The Agency of Samoan Factory Youth in an Untold History of the Automotive Supply Chain /rMasami Tsujita -- Index /rEditor: Paul Stacey. aThe volume challenges dominant narratives of progress with a rich range of investigations of local struggles from the Global south which are based on original ethnographic research. The chapters take a point of departure in ideas and concepts developed by the pioneering anthropologist Eric R. Wolf in 'Europe and the People Without History', and emphasize the relevance and usefulness of applying Wolf to contemporary contexts. As such, the collection contributes to knowledge of dynamic relationships between local agency in the Global south, and broader political and economic processes that make 'people without history.' This shows global power as both excluding local groups at the same time as conditioning local struggles and the forms that social organization takes. Contributors are: Paul Stacey, Joshua Steckley, Nixon Boumba, Marylynn Steckley, Ismael García Colón, Inge-Merete Hougaard, Gustavo S. Azenha, Ioannis Kyriakakis, Raquel Rodrigues Machaqueiro, Tirza van Bruggen, and Masami Tsujita. aEnglish 0aInfluence (Literary, artistic, etc.) 0aSocial conditions. 0aSocial movementsxDeveloping countries.1 aStacey, Paul,eeditor.08iPrint version:tGlobal Power and Local Struggles in Developing Countries : Contemporary Perspectives On: Europe and the People without History, by Eric R. Wolf at 40.dLeiden ; Boston : Brill, 2023.z9789004525481w(DLC) 2022040951w(OCoLC)1350966333 0aSocial Sciences E-Books Online, Collection 2023. 0aStudies in Global Social History ;v47/2.4 uhttp://dx.doi.org/10.1163/9789004527928 2ddccE-BOOK c49363d49363 r2026-04-15 11:21:00l0o306.09172pEB04528uhttps://doi.org/10.1163/9789004527928w2026-04-15yE-BOOK102ddc407000aCUTNbCUTNd2026-04-15